Cincuenta y tantos consejos sobre tipografía.
保存先:
| 第一著者: | |
|---|---|
| フォーマット: | 図書 |
| 出版事項: |
Madrid, España:
Gustavo Gili,
2021.
|
| 版: | 1a. edición, revisada y ampliada. |
| 主題: | |
| タグ: |
タグ追加
タグなし, このレコードへの初めてのタグを付けませんか!
|
MARC
| LEADER | 00000nam a22000007a 4500 | ||
|---|---|---|---|
| 003 | CL-VaPUC | ||
| 005 | 20250407202440.0 | ||
| 008 | 250310t2021 ||||| |||| 00| 0 eng d | ||
| 999 | |c 447205 |d 447203 | ||
| 020 | |a 978-84-252-3339-5 | ||
| 040 | |c Pontificia Universidad Católica de Valparaíso | ||
| 082 | |a 686.22 JAR 2021 | ||
| 100 | |9 896530 |a Jardí, Enric |e autor | ||
| 245 | |a Cincuenta y tantos consejos sobre tipografía. | ||
| 250 | |a 1a. edición, revisada y ampliada. | ||
| 260 | |a Madrid, España: |b Gustavo Gili, |c 2021. | ||
| 300 | |a 109 páginas: |b ilustraciones. | ||
| 500 | |a c.1-c.2. Instituto Arcos.08-01-2025. | ||
| 583 | |c 20250310 |k Gabriela Rodríguez Cuevas | ||
| 650 | 0 | |9 566219 |a Diseño tipográfico |x Letras | |
| 942 | |2 ddc |c BK |n 0 | ||
| 952 | |0 0 |1 0 |2 ddc |4 0 |6 686_220000000000000_JAR_2021 |7 0 |8 A |9 600879 |a BIBINC |b BIBINC |d 2025-03-10 |e Instituto Arcos |i 5665721 |l 2 |m 2 |o 686.22 JAR 2021 |p 5665721 |r 2025-04-11 |s 2025-04-04 |t 1 |w 2025-03-10 |y BK |k IFP | ||
| 952 | |0 0 |1 0 |2 ddc |4 0 |6 686_220000000000000_JAR_2021 |7 0 |8 A |9 600935 |a BIBINC |b BIBINC |d 2025-03-11 |e Instituto Arcos |i 5665856 |l 1 |o 686.22 JAR 2021 |p 5665856 |r 2025-04-21 |s 2025-03-21 |t 2 |w 2025-03-11 |y BK |k IFP | ||